000
00248nam a22001097a 4500
008
170111b xxu||||| |||| 00| 0 eng d
020
_a
9780827381506
041
_a
eng
080
_a
618.2
245
_a
PEDIATRIC NURSING
_c
POTTS, N.L
942
_2
udc
_c
BK
999
_c
2711
_d
2711